| 000 | 00947cam a2200133 4500500 | ||
|---|---|---|---|
| 005 | 20260405090632.0 | ||
| 041 | _afre | ||
| 042 | _adc | ||
| 100 | 1 | 0 |
_aMartin, Hervé _eauthor |
| 245 | 0 | 0 | _aMentalités médiévales : Tome 1 - XIe-XVe siècle |
| 260 |
_bPresses Universitaires de France,
_c1998. |
||
| 520 | _aA partir d’approches utilisant le quantitatif, la linguistique appliquée, la sémiologie de l’image, l’étude des représentations collectives permet de cerner la notion de mentalités médiévales. Celles-ci s’expriment dans l’espace, le temps, l’analogie, les symboles et le merveilleux, dans les différentes couches sociales. Des aspects négatifs existent, la condition subordonnée des femmes, le rejet des Juifs, la haine de l’étranger, la marginalisation des pauvres. | ||
| 856 | 4 | 1 | _uhttps://shs.cairn.info/mentalites-medievales-xie-xve-siecle-tome-1--9782130476788?lang=fr&redirect-ssocas=7080 |
| 999 |
_c2206840 _d2206840 |
||